| 000 | 00804cab a2200253 4500 | ||
|---|---|---|---|
| 001 | ABS60009 | ||
| 008 | 090401t1999 xxu||||| |||| 00| 0 eng d | ||
| 035 | _a(Sirsi) u91120 | ||
| 041 | _aeng | ||
| 100 | _aHirst, C. | ||
| 245 | _aFrance regains its A-list status with property Transfer Tax cut | ||
| 260 | _c1999 | ||
| 350 | _a0 | ||
| 490 |
_aProperty Week _v64(5) 5 February 1999, 8(1) |
||
| 520 | _aThe French property Transfer Tax was cut in January 1999 from 18.2% to 4.8%, and UK property companies are already gearing up to take advantage of the cheaper trading climate. | ||
| 650 | _aFRANCE | ||
| 650 | _aPROPERTY INVESTMENT | ||
| 650 | _aPROPERTY MARKET | ||
| 650 | _aPROPERTY TAXES | ||
| 650 | _aTRANSFER TAX | ||
| 690 | _aOVERSEAS-EUROPE | ||
| 942 | _n0 | ||
| 948 | _c04/02/1999 | ||
| 999 |
_c57823 _d57823 |
||